"I can draw" big machines. (Record no. 110310)
[ view plain ]
| 000 -LEADER | |
|---|---|
| fixed length control field | 00256nam a2200109 a 4500 |
| 001 - CONTROL NUMBER | |
| control field | 4140 |
| 005 - DATE AND TIME OF LATEST TRANSACTION | |
| control field | 20140414131853.0 |
| 008 - FIXED-LENGTH DATA ELEMENTS--GENERAL INFORMATION | |
| fixed length control field | 090218s19uu xx 00 eng d |
| 050 ## - LIBRARY OF CONGRESS CALL NUMBER | |
| Classification number | M 741.01 |
| Item number | Ga1 1996 |
| 245 ## - TITLE STATEMENT | |
| Title | "I can draw" big machines. |
| Withdrawn status | Lost status | Damaged status | Home library | Current library | Shelving location | Date acquired | Total Checkouts | Full call number | Barcode | Date last seen | Price effective from | Koha item type |
|---|---|---|---|---|---|---|---|---|---|---|---|---|
| Munich Library | Munich Library | Main Section | 02/18/2009 | M 741.01 Ga1 1996 | M0686 | 04/14/2014 | 04/14/2014 | Books |